| 000 | 01045nam a22003497a 4500 | ||
|---|---|---|---|
| 005 | 20190913192140.0 | ||
| 008 | 190913b xxu||||| |||| 00| 0 spa d | ||
| 020 | _a9789586488662 | ||
| 041 | _aspa | ||
| 082 | _a620.86 H493s3 | ||
| 100 |
_aHenao Robledo, Fernando _98502 |
||
| 245 | _aSeguridad y salud en el trabajo: conceptos básicos | ||
| 250 | _a3 edición | ||
| 260 | _aColombia | ||
| 260 | _bEcoe Ediciones | ||
| 260 | _c2013 | ||
| 300 | _a133 páginas | ||
| 650 |
_aSEGURIDAD EN EL TRABAJO _95963 |
||
| 650 |
_aSALUD EN EL TRABAJO _955793 |
||
| 650 |
_aHISTORIA _943 |
||
| 650 |
_aHIGIENE INDUSTRIAL _96912 |
||
| 650 |
_aSEGURIDAD INDUSTRIAL _96911 |
||
| 650 |
_aFACTORES DE RIESGO _98504 |
||
| 650 |
_aENFERMEDAD LABORAL _955794 |
||
| 650 |
_aACCIDENTES EN EL TRABAJO _955795 |
||
| 650 |
_aPREVENCIÓN DE ACCIDENTES _96913 |
||
| 650 |
_aINVESTIGACIÓN DE ACCIDENTES _955796 |
||
| 650 |
_aPROMOCIÓN DE LA SEGURIDAD _955797 |
||
| 650 |
_aNORMA UNE 81900 _955798 |
||
| 650 |
_aSALUD OCUPACIONAL _9253 |
||
| 942 | _cBK | ||
| 999 |
_c12318 _d12318 |
||